Rosa Italia 1986 - Statistics

Statistiche generali
  • Questo quiz è stato fatto 52 volte
  • Il punteggio medio è 10 su 22
Statistiche sulle risposte
Ruolo Club dell'epoca Calciatore % Corretto
Difensore INter Giuseppe Bergomi
89%
Attaccante Sampdoria Gianluca Vialli
78%
Milan Paolo Rossi
75%
Juventus Antonio Cabrini
72%
INter Walter Zenga
69%
Roma Bruno Conti
61%
Juventus Gaetano Scirea
61%
Inter Marco Tardelli
61%
Inter Giuseppe Baresi
56%
Inter Alessandro Altobelli
47%
Portiere Fiorentina Giovanni Galli
44%
Inter Fulvio Collovati
33%
Avellino Fernando De Napoli
28%
Roma Franco Tancredi
28%
Sampdoria Pietro Vierchowod
28%
Juventus Aldo Serena
22%
Hellas Verona Giuseppe Galderisi
22%
Roma Sebestiano Nela
22%
Hellas Verona Antonio Di Gennaro
19%
Centrocampista Roma Carlo Ancelotti
19%
Hellas Verona Roberto Tricella
11%
Napoli Salvatore Bagni
8%
Nessun quiz corrispondente trovato
Distribuzione punteggi
Percentuale di utenti per punteggio
Percentile per numero di risposta
I tuoi punteggi nel tempo
Non hai fatto questo quiz